| 000 | 00966nam a2200229Ia 4500 | ||
|---|---|---|---|
| 001 | 16481 | ||
| 003 | GE_BSU | ||
| 008 | 181216s||||||||xx |||||||||||||| ||und|| | ||
| 020 | _a978-9941-9189-0-2 | ||
| 040 | _cGE_BSU | ||
| 080 | _a821.353.1(072) | ||
| 100 | _aღამბაშიძე, ნინო | ||
| 245 | _aქართული ლიტერატურის სწავლების თეორია და პრაქტიკა | ||
| 250 | _aამერიკული აკად. თბილისში, განათლ. განვითარებისა და კვლევის ცენტრი.მე-2 გამოც. | ||
| 260 | _aთბილისი | ||
| 260 | _bარტლაინსი | ||
| 260 | _c2011 | ||
| 300 | _a48გვ;29სმ, | ||
| 541 | _h14ლ. | ||
| 653 | _aქართული ლიტერატურის სწავლების მეთოდიკა; | ||
| 942 | _cBK | ||
| 999 |
_c49550 _d49550 |
||